Представление документа в формате RUSMARC

ПолеНазваниеЗначение
  Тип записи a
  Библиографический уровень a
001 Контрольный номер RU/УОНБ/EK_KRAY/320888134
005 Дата корректировки 20250324122539.1
100 Данные общей обработки __
a Данные общей обработки 19980905d1998 u u0rusy0103 ba
101 Язык документа 0_
a Язык текста rus
200 Заглавие и сведения об ответственности 1_
a Заглавие Поззия - застывшая эмоция
210 Выходные данные 1_
d Дата издания 1998
330 Аннотация __
a Аннотация Поэт Александр Филатов.
461 Уровень набора _0
1 2001
a Районные вести
463 Уровень физической единицы _0
1 2000
a 28 июля
1 210
d 1998
606 Тематические рубрики 0_
a Основная рубрика Русская поэзия
610 Ключевые слова 0_
a Ключевые слова стихи
686 Индексы других классификаций __
a Классификационный индекс 83.3-8
2 Код системы rubbk
700 Автор _1
a Фамилия Катревич
b Имя (инициалы) К.Т.
801 Источник записи _0
a Страна RU
b Организация Ульяновская ОНБ
c Дата составления 19980905
g Правила каталогизации PSBO
801 Источник записи _1
a Страна RU
b Организация Ульяновская ОНБ
c Дата составления 19980905
901 Тип документа __
t Тип документа b
909 Создатель записи __
a Создатель записи
938 Служебная информация __
a Имя БД kraeved_work
b Имя библиотеки УОНБ
c Имя АИБС МАРК-SQL
d Номер DOC_ID в БД 32123